000 00583nam a22002057a 4500
005 20230707024114.0
008 230126b |||||||| |||| 00| 0 eng d
020 _a978-971-9617-11-2
082 _aFil. 641.3 F634 2014
100 _aFlores, Eeva N
_eauthor
245 _aFood selection, preparation and cooking /
_cEva Nebril-Flores
250 _a2nd ed.
260 _aQuezon City:
_bWiseman's Book Trading,
_cc2014.
300 _aix, 335p.;
_bill.
504 _aIncludes bibliographies
541 _e5289
650 _aFoods
650 _aCooking
650 _aFood selection
999 _c676
_d676